00691nai a2200181Ia 4500003000900000008004100009022002200050022002300072040001600095245004900111260008600160310001400246362002900260521006900289650003400358650002900392856008800421IN-BaIIA211028c9999 xx s 000 0 eng d a0018-9529 (Print) a1558-1721 (Online) cIIA Library 0aIEEE Transactions on Reliabilityh[eJournal] aNew York, USAbThe Institute of Electrical and Electronics Engineers, Inc. (IEEE) aQuarterly aR-12(1); 1963 - Present  bSubscribed through National Knowledge Resource Consortium (NKRC) a General Topics for Engineers aComputing and Processing uhttps://ieeexplore.ieee.org/servlet/opac?punumber=24yClick Here to Access eJournal